000 00549nam a2200157 i 4500
001 37598
003 ES-MaACL
005 20230906155616.0
007 t|
008 030221s1966 gw ||||1| ger d
100 1 _aBurckhardt, Walther.
_932586
245 1 4 _aDie organisation der rechtsgemeinschaft
_b: untersuchmgen über die eigenart des privatrechts des staatsrechts und des völkerrechts /
_cvon Walter Burckhardt.
260 _aBasel :
_bHelbing & Lichtenhahn,
_c1927.
300 _aXVI, 463 p. ;
_c24 cm.
852 _aES-MaACL
_jA-1908
_bR.1927
999 _c37598
_d37598